000 00557nam a22001817a 4500
003 0
005 20241028083450.0
008 241028b xxu||||| |||| 00| 0 eng d
020 _a9781774697559
050 _aTK 5105.5
_b.Q35 2024
100 _aQaiser, Zeeshan,
_eauthor.
245 _aComputer networking /
_cZeeshan Qaiser.
260 _aBurlington, ON :
_bToronto Academic Press,
_c2024.
300 _axviii, 238 p. :
_bcol. ill. ;
_c26 cm.
504 _aIncludes bibliographical references and index.
650 _aComputer networks.
942 _2lcc
_cBK
999 _c366635
_d366635